Fundamentals of Financial Management (Record no. 7766)
[ view plain ]
| 000 -LEADER | |
|---|---|
| fixed length control field | 00256nam a2200109Ia 4500 |
| 020 ## - INTERNATIONAL STANDARD BOOK NUMBER | |
| ISBN | 978-0023981517 |
| 100 ## - MAIN ENTRY--AUTHOR NAME | |
| Personal name | Ramesh K.S. Rao |
| 245 #0 - TITLE STATEMENT | |
| Title | Fundamentals of Financial Management |
| 260 ## - PUBLICATION, DISTRIBUTION, ETC. (IMPRINT) | |
| Place of publication | New York |
| Name of publisher | Prentice Hall |
| Year of publication | 2000 |
| 300 ## - PHYSICAL DESCRIPTION | |
| Number of Pages | 808 |
| 942 ## - ADDED ENTRY ELEMENTS (KOHA) | |
| Koha item type | Books |
| Withdrawn status | Lost status | Collection code | Permanent Location | Current Location | Shelving location | Date acquired | Full call number | Accession Number | Koha item type |
|---|---|---|---|---|---|---|---|---|---|
| | | Finance | MAJU | MAJU | Shelf No.A44 | 2019-09-12 | 658.15 | 1865 | Finance |
| | | Management | MAJU | MAJU | Shelf No.A-6 | 2022-12-05 | 658.1 | 4218 | Books |
| | | | MAJU | MAJU | Shelf No.A44 | 2022-07-29 | 658.15 | 1866 | Finance |